Ochrana pred oxidačným stresom a poškodením kože voľnými radikálmi bakalárska práca

Guardado en:
Detalles Bibliográficos
Autor principal: Sokáčová, Kristína
Formato: Libro
Lenguaje:eslovaco
Publicado: Bratislava STU FCHPT 2018
Acceso en línea:Ver en el OPAC
Etiquetas: Agregar Etiqueta
Sin Etiquetas, Sea el primero en etiquetar este registro!

MARC

LEADER 00000nam a2200000 a 4500
005 20260127134403.0
008 180926 2018 xo a 001 0 slo d
035 |a vtls011781147 
039 9 |y 201809261124  |z mschk03 
040 |a STUSCHK1  |b slo  |c STUSCHK1  |e AACR2 
100 1 |a Sokáčová, Kristína 
245 1 |a Ochrana pred oxidačným stresom a poškodením kože voľnými radikálmi  |b bakalárska práca  |c Kristína Sokáčová 
260 |a Bratislava  |b STU FCHPT  |c 2018 
300 |a 52 s.  |b il.  |c 25 cm 
500 |a Študijný program: výživa, kozmetika, ochrana zdravia 
500 |a Študijný odbor: potravinárstvo 
500 |a Školiace pracovisko: Ústav potravinárstva a výživy 
500 |a Evid. číslo: FCHPT-104558-76907 
910 |a SCHK95 
999 |c 11501  |d 11501